WWE Wrestlers by Country - Statistics

General Stats
  • This quiz has been taken 58 times
  • The average score is 11 of 16
Answer Stats
Hint Answer % Correct
Bret Hart Canada
96%
The Great Khali India
96%
Finn Bálor Ireland
90%
Kairi Sane Japan
90%
Rhea Ripley Australia
88%
Kalisto Mexico
88%
William Regal United Kingdom
86%
Brock Lesnar USA
80%
Andre the Giant France
76%
Ilja Dragunov Russia
73%
Dakota Kai New Zealand
53%
Alexander Wolfe Germany
49%
Ludvig Borga Finland
33%
Boa China
31%
Tay Melo Brazil
27%
PJ Black South Africa
27%
No matching quizzes found
Score Distribution
Percent of People with Each Score
Percentile by Number Answered
Your Score History
You have not taken this quiz